LIBRARY & INFORMATION CENTRE, KCAET, TAVANUR

ONLINE PUBLIC ACCESS CATALOGUE (OPAC)

Tolstoy kathakal Part III / (Record no. 11750)

MARC details
000 -LEADER
fixed length control field 00430cam a2200169ua 4500
041 ## - LANGUAGE CODE
Language code of text/sound track or separate title mal
082 ## - DEWEY DECIMAL CLASSIFICATION NUMBER
Classification number 894.812301
Item number ABD/TO
100 ## - MAIN ENTRY--AUTHOR NAME
Personal name Abdul Khader, Vakkom.
245 ## - TITLE STATEMENT
Title Tolstoy kathakal Part III /
260 ## - PUBLICATION, DISTRIBUTION, ETC. (IMPRINT)
Place of publication Trivandrum :
Name of publisher Balan publications ,
Year of publication 1963.
300 ## - PHYSICAL DESCRIPTION
Number of Pages 42 ; .
942 ## - ADDED ENTRY ELEMENTS (KOHA)
Koha item type Books
Holdings
Withdrawn status Lost status Damaged status Home library Current library Date acquired Full call number Accession Number Koha item type Public note
Withdrawn     KAUAET Central Prison Tavanur 07/04/2012 894.812301 8433 Books Transferred to Central Prison
free website counter